Resistencia de materiales
I tiakina i:
| Kaituhi matua: | |
|---|---|
| Hōputu: | Pukapuka |
| Reo: | Pāniora |
| I whakaputaina: |
Madrid
Espasa-Calpe
1976
|
| Putanga: | 13a. ed |
| Ngā marau: | |
| Ngā Tūtohu: |
Tāpirihia he Tūtohu
Kāore He Tūtohu, Me noho koe te mea tuatahi ki te tūtohu i tēnei pūkete!
|
MARC
| LEADER | 00000nam a2200000 a 4500 | ||
|---|---|---|---|
| 001 | UCY2130 | ||
| 003 | CL-VaPUC | ||
| 008 | 941010e19760000SP |||||||||||||||||spa|d | ||
| 082 | 0 | 4 | |a 620.112 |b TIM |2 21 |
| 100 | 0 | |a Timoshenko, Stephen P |e author |9 330183 | |
| 245 | 1 | 0 | |a Resistencia de materiales |
| 250 | |a 13a. ed | ||
| 300 | |a 2 v | ||
| 942 | |c BK | ||
| 945 | |d 19941010 00:00:00 |a mfernand | ||
| 260 | |a Madrid |b Espasa-Calpe |c 1976 | ||
| 500 | |a v.1: Teoría elemental y problemas | ||
| 500 | |a v.2: Teoría y problemas más complejos | ||
| 650 | 0 | |a Resistencia de materiales |9 260095 | |
| 583 | |a last modification |c 19941010 00:00:00 |k Rodrigo Vera | ||
| 999 | |c 230626 |d 230624 | ||
| 952 | |0 0 |1 0 |4 0 |6 620_112000000000000_TIM_1976 |7 0 |8 CCM |9 233028 |a BIBCUR |b BIBCUR |d 2019-11-15 |h v.1 |i 3026329 |o 620.112 TIM 1976 |p 3026329 |r 2025-04-22 |w 2019-11-15 |y BK_R |k CIM | ||
| 952 | |0 0 |1 0 |4 0 |6 620_112000000000000_TIM_1976 |7 0 |8 CCM |9 233029 |a BIBCUR |b BIBCUR |d 2019-11-15 |h v.2 |i 3026310 |o 620.112 TIM 1976 |p 3026310 |r 2025-04-22 |w 2019-11-15 |y BK_R |k CIM | ||